LEADER 00753nam0 2200253 450 001 000022095 005 20090127150838.0 100 $a20090127d1944----km-y0itay50------ba 101 0 $aeng 102 $aUS 105 $aa-------001yy 200 1 $aAircraft instruments$fby George Ellis Irvin 205 $a2nd ed 210 $aNew York and London$cMcGraw-Hill$d1944 215 $aXII, 607 p., tav.$cill.$d22 cm 500 10$aAircraft instruments$947066 610 1 $aStrumenti di pilotaggio aereo 676 $a629.135$v19 700 1$aIrvin,$bGeorge Ellis$012161 801 0$aIT$bUNIPARTHENOPE$c20090123$gRICA$2UNIMARC 912 $a000022095 951 $aS 629.135/7$bS C, 69$cDSA$d2009 996 $aAircraft instruments$947066 997 $aUNIPARTHENOPE LEADER 04220nam 22007335 450 001 9910568285303321 005 20251113193630.0 010 $a981-19-0432-4 024 7 $a10.1007/978-981-19-0432-5 035 $a(MiAaPQ)EBC6975986 035 $a(Au-PeEL)EBL6975986 035 $a(CKB)21957635600041 035 $a(OCoLC)1314618012 035 $a(DE-He213)978-981-19-0432-5 035 $a(EXLCZ)9921957635600041 100 $a20220503d2022 u| 0 101 0 $aeng 135 $aurcnu|||||||| 181 $ctxt$2rdacontent 182 $cc$2rdamedia 183 $acr$2rdacarrier 200 10$aAquatic Lectins $eImmune Defense, Biological Recognition and Molecular Advancements /$fedited by Preetham Elumalai, Baskaralingam Vaseeharan, Sreeja Lakshmi 205 $a1st ed. 2022. 210 1$aSingapore :$cSpringer Nature Singapore :$cImprint: Springer,$d2022. 215 $a1 online resource (389 pages) 225 1 $aBiomedical and Life Sciences Series 311 08$aPrint version: Elumalai, Preetham Aquatic Lectins Singapore : Springer,c2022 9789811904318 320 $aIncludes bibliographical references and index. 327 $a1. Fish Lectins: History, Types and structural classification -- 2. Legume Lectins -- 3. Cereal Lectins -- 4. P-type Lectins -- 5. S-type Lectins -- 6. C-Type Lectins -- 7. Pentraxins -- 8. Localization and diverse distribution of fish lectins -- 9. Fish lectins in host-pathogen interaction -- 10. Antimicrobial and Immunomodulatory role of fish lectins -- 11. Regulation of fish lectin expression during infection -- 12. Role of lectin in biofilm inhibition -- 13. USe of lectins for defence molecules haemagglutination, endocytosis and phagocytosis -- 14. Cytotoxicity and anticancer activity of fish lectins -- 15. Molecular cloning and CRISPR Techniques in Fish lectin research -- 16. Fish lectins as molecular markers -- 17. Application of fish lectin in human and veterinary medicine -- 18. Future perspectives of fish lectin research. 330 $aThis book provides the latest information on fish lectins from the perspective of inflammation and presents new ideas on the complicated mechanisms of lectin biochemistry and associated interactions. Key features include discussion of mechanisms recently identified to be involving lectin family types, presentation of the latest evidence regarding the molecular approaches in fish lectins, and thorough explanation of the concept of antimicrobial and immunological roles and current understanding of the significance of its disease resistance related studies. Gene expression studies is another important element of the book, and it is proposed that gene editing technology provides gaining attention in the biological role of fish lectin research. Examples of the many lastest molecular approaches, applications and future perspectives in fish lectin specific topics covered in this book include the information right from the basics to the advancements in this area. The book will be a valuable update and resource for both experienced and younger researchers working in the field of lectins and immunology. 410 0$aBiomedical and Life Sciences Series 606 $aMolecular biology 606 $aImmunology 606 $aFreshwater ecology 606 $aMarine ecology 606 $aBiology 606 $aMolecular ecology 606 $aMolecular Biology 606 $aImmunology 606 $aFreshwater and Marine Ecology 606 $aBiological Sciences 606 $aMolecular Ecology 615 0$aMolecular biology. 615 0$aImmunology. 615 0$aFreshwater ecology. 615 0$aMarine ecology. 615 0$aBiology. 615 0$aMolecular ecology. 615 14$aMolecular Biology. 615 24$aImmunology. 615 24$aFreshwater and Marine Ecology. 615 24$aBiological Sciences. 615 24$aMolecular Ecology. 676 $a572.69 702 $aLakshmi$b Sreeja 702 $aVaseeharan$b Baskaralingam 702 $aElumalai$b Preetham 801 0$bMiAaPQ 801 1$bMiAaPQ 801 2$bMiAaPQ 906 $aBOOK 912 $a9910568285303321 996 $aAquatic Lectins$92851073 997 $aUNINA